| 000 | 00623 a2200169 4500 | ||
|---|---|---|---|
| 003 | Nust | ||
| 005 | 20221129183942.0 | ||
| 040 | _cNust | ||
| 082 | _a621.83151,SHA | ||
| 100 |
_aM . C . Sharma _9103803 |
||
| 245 |
_aUsing Field- Effect Transistors / _cM . C . Sharma |
||
| 260 |
_aDehli _bBPB Publictions _c1992 |
||
| 300 | _a55p | ||
| 505 | _aFET Characteristics (Page-1), MOSFETS (Page-6), Amplifiers (Page-16), Oscillators (Page-22), FET as a Switch (Page-25), FET as A Constant Current Source (Page-28), FET as a Voltage Controlled Resistoy (Page-29). | ||
| 650 | _aTelecommunication Engineering | ||
| 942 |
_2ddc _cBK |
||
| 999 |
_c190600 _d190600 |
||